书目信息 |
| 题名: |
普通话正音手册
|
|
| 作者: | 梁山 编 | |
| 分册: | ||
| 出版信息: | 上海 上海教育出版社 2007.02 |
|
| 页数: | 157页 | |
| 开本: | 21cm | |
| 丛书名: | ||
| 单 册: | ||
| 中图分类: | H102-62 | |
| 科图分类: | ||
| 主题词: | 普通话--pu tong hua--正音法--手册 | |
| 电子资源: | ||
| ISBN: | 978-7-5444-0939-1 | |
| 000 | 00881nam0 2200229 450 | |
| 001 | 012007076735 | |
| 005 | 20071108180527.00 | |
| 010 | @a978-7-5444-0939-1@dCNY10.00 | |
| 100 | @a20071108d2007 km y0chiy0120 ea | |
| 101 | 0 | @achi |
| 102 | @aCN@b310000 | |
| 105 | @ay z 000yy | |
| 106 | @ar | |
| 200 | 1 | @a普通话正音手册@Apu tong hua zheng yin shou ce@f梁山编@Fliang shan bian |
| 210 | @a上海@c上海教育出版社@d2007.02 | |
| 215 | @a157页@d21cm | |
| 330 | @a本书是为广大学习普通话的读者,特别是小学语文教师编写的。在我们的日常生活中,经常会遇到有些字读错或读不准的情况;教师在指导学生学习的时候,也会遇到读音上的难题。这时急需找资料来参考、正音。这本手册就是为了给普通话中的一些常用字正音而编写的。 | |
| 606 | 0 | @a普通话@Apu tong hua@x正音法@j手册 |
| 690 | @aH102-62@v4 | |
| 701 | 0 | @a梁山@Aliang shan@4编 |
| 801 | 0 | @aCN@b@c20071108 |
| 905 | @b264894-96@dH102-62@eL413@f3 | |
| 普通话正音手册/梁山编.-上海:上海教育出版社,2007.02 |
| 157页;21cm |
| ISBN 978-7-5444-0939-1:CNY10.00 |
| 本书是为广大学习普通话的读者,特别是小学语文教师编写的。在我们的日常生活中,经常会遇到有些字读错或读不准的情况;教师在指导学生学习的时候,也会遇到读音上的难题。这时急需找资料来参考、正音。这本手册就是为了给普通话中的一些常用字正音而编写的。 |
| ● |
| 相关链接 |
|
|
|
正题名:普通话正音手册
索取号:H102-62/L413
 
预约/预借
| 序号 | 登录号 | 条形码 | 馆藏地/架位号 | 状态 | 备注 |
| 1 | 264894 | 202648947 | 语言库209/209语言库 70排2列4层/ [索取号:H102-62/L413] | 在馆 | |
| 2 | 264895 | 202648956 | 语言库209/209语言库 70排2列4层/ [索取号:H102-62/L413] | 在馆 | |
| 3 | 264896 | 202648965 | 语言库209/209语言库 70排2列4层/ [索取号:H102-62/L413] | 在馆 |